Statistics for All Pokémon Cities (Gen 9 updated)

Click here to take the quiz!

General Stats

  • This quiz has been taken 127 times
    (76 since last reset)
  • The average score is 59 of 128

Answer Stats

Answer% Correct
Pallet Town
95%
Pewter City
91%
Viridian City
89%
Cerulean City
86%
New Bark Town
86%
Saffron City
86%
Cinnabar Island
84%
Goldenrod City
84%
Lavender Town
84%
Blackthorn City
80%
Vermilion City
80%
Azalea Town
77%
Celadon City
77%
Ecruteak City
77%
Violet City
77%
Mauville City
70%
Indigo Plateau
68%
Lavaridge Town
68%
Fuchsia City
66%
Hearthome City
66%
Mossdeep City
66%
Slateport City
66%
Fortree City
64%
Jubilife City
64%
Lumiose City
64%
Olivine City
64%
Rustboro City
64%
Cianwood City
61%
Ever Grande City
61%
Sandgem Town
61%
Sootopolis City
61%
Twinleaf Town
61%
Cherrygrove City
59%
Lilycove City
59%
Oldale Town
59%
Petalburg City
59%
Dewford Town
57%
Eterna City
57%
Mahogany Town
57%
Oreburgh City
57%
Pacifidlog Town
57%
Pokémon League
57%
Snowpoint City
57%
Verdanturf Town
57%
Castelia City
55%
Floaroma Town
55%
Littleroot Town
55%
Veilstone City
55%
Canalave City
52%
Nimbasa City
52%
Black City
50%
Nuvema Town
50%
Sunyshore City
50%
Driftveil City
48%
Opelucid City
48%
Pastoria City
48%
Solaceon Town
48%
Fallarbor Town
45%
Mistralton City
45%
Po Town
43%
Striaton City
43%
Aspertia City
41%
Celestic Town
41%
Hammerlocke
41%
Stow-on-side
41%
Undella Town
41%
Virbank City
41%
White Forest
41%
Wyndon
41%
Fight Area
39%
Humilau City
39%
Icirrus City
39%
Motostoke
39%
Nacrene City
39%
Santalune City
39%
Anistar City
36%
Hau'oli City
36%
Resort Area
36%
Coumarine City
34%
Cyllage City
34%
Floccesy Town
34%
Freezington
34%
Mesagoza
34%
Snowbelle City
34%
Vaniville Town
34%
Ballonlea
32%
Geosenge Town
32%
Survival Area
32%
Circhester
30%
Iki Town
30%
Laverre City
30%
Postwick
30%
Seafolk Village
30%
Turffield
30%
Accumula Town
27%
Anville Town
27%
Kiloude City
27%
Lacunosa Town
27%
Levincia
27%
Shalour City
27%
Spikemuth
27%
Hulbury
23%
Tapu Village
23%
Wedgehurst
23%
Zapapico
23%
Alfornada
20%
Aquacorde Town
20%
Cascarrafa
20%
Dendemille Town
20%
Lentimas Town
20%
Malie City
20%
Medali
20%
Ambrette Town
18%
Heahea City
18%
Los Platos
18%
Cabo Poco
16%
Camphrier Town
16%
Cortondo
16%
Couriway Town
16%
Konikoni City
16%
Montenevera
16%
Mossui Town
16%
Paniola Town
16%
Artazon
14%
Porto Marinada
14%

Score Distribution

Percentile by Number Answered

Percent of People with Each Score

Your Score History

You have not taken this quiz since the last reset